000 00704cam a22002174i 4500
020 _a0415372704 (hardback)
040 _cDLC
082 0 0 _a352 FAO 2011 C160 Or.
245 0 0 _aAction learning, leadership, and organizational development in public services /
300 _axiii, 226 pages ;
_c24 cm
650 0 _aLocal officials and employees
650 0 _aActive learning
650 0 _aLeadership
650 0 _aOrganizational learning
650 0 _aOrganizational change
700 1 _aRigg, Clare.
700 1 _aRichards, Sue.
856 4 1 _uhttp://www.loc.gov/catdir/toc/ecip065/2005037230.html
856 4 2 _uhttp://www.loc.gov/catdir/enhancements/fy0659/2005037230-d.html
942 _cAEDBB
999 _c19076
_d19076